00481nam a22001577a 450000500170000001000140001702000100003103500130004103700130005408200110006710000180007824500850009626000580018127000630023930000210030220100812135712.0 aENG-99990 c50.00 aEN-83522 bDBAD/PUB a338.43 aRajeswari, R. aAn analysis of problems faced by knitwear industry in Tirupur /cby R. Rajeswari aCoimbatorebAnnamalayar Educational Publicationc2008 a8/305, Thulasinga Nagar, Valparai PostbCoimbatoree642127 a82p.c20cm (pbk)